Bladon's rock (Record no. 33166)

MARC details
000 -LEADER
fixed length control field 00257nam a2200109Ia 4500
082 ## - DEWEY DECIMAL CLASSIFICATION NUMBER
Classification number 82-3
Item number KEN
100 ## - MAIN ENTRY--AUTHOR NAME
Personal name Kent, Pamela
245 #0 - TITLE STATEMENT
Title Bladon's rock
260 ## - PUBLICATION, DISTRIBUTION, ETC. (IMPRINT)
Place of publication London
Name of publisher Mills and boon
Year of publication 1963
942 ## - ADDED ENTRY ELEMENTS (KOHA)
Koha item type Books
Holdings
Withdrawn status Lost status Damaged status Not for loan Home library Current library Date acquired Full call number Accession Number Koha item type
      Write off RRII Library RRII Library 16/12/2021 82-3 KEN 13667 Books